| 000 | 00549nam a22002057a 4500 | ||
|---|---|---|---|
| 003 | OSt | ||
| 005 | 20140310182514.0 | ||
| 008 | 130808t xxu||||| |||| 00| 0 eng d | ||
| 020 | _a9780443068027 | ||
| 050 |
_aRB 33 _b.W556 2011 |
||
| 100 |
_aBarbara Young. _97952 |
||
| 245 |
_aWheather's basic pathology : _cBarbara Young. |
||
| 250 | _a5th ed. | ||
| 260 |
_aUK : _bChurchHill Livingstone Elsevier, _cc2011. |
||
| 300 |
_a377p. : _bill. ; _c28 cm |
||
| 650 |
_aPathology _97466 |
||
| 942 |
_2lcc _cSSLC |
||
| 999 |
_c13946 _d13946 |
||